00315nam a2200121Ia 45000030006000000080041000060400015000471000026000622450045000882600031001335460012001640050017001760STCL150530s9999 xx 000 0 und d aSTCLcSTCL aThomas Satyamurti, S. aBulletin of the Madras Government museum bGovernment of Madrasc1960 aEnglish20220125170418.0